=LDR 00000nam 2200000 4500 =001 INLIS000000000018103 =005 20130612113302 =008 ***********************************Ind** =035 ##$$0010-061300000018103 =041 ##$$a Ind =082 ##$$a 929.4 =090 ##$$a 929.4, Ali n =100 ##$$a Ali, Mahrous KH =245 ##$$a Nama nama indah era milenium, kado sepanjang hidup buat buah hati, KH Mahtous Ali =260 ##$$a 2002 $b Surabaya =300 ##$$a vii, 309 hlm, 20 cm =650 ##$$a Nama =850 ##$$a NBPNMAT